000 00805nam a2200277 i 4500
001 C2-0323158
003 PPAK
005 20180728121840.0
008 131009s2013 my a|||| ||||| | may d
020 _a9789675297106
040 _aPPAK
_beng
_cPPAK
_erda
082 0 4 _a333.72
_223
090 0 0 _a333.72
_bBUN
_dK
245 0 0 _aBunga-bungaan
264 1 _aKlang, Selangor :
_bAtika Media ,
_c2013
300 _a44 pages :
_billustrations ;
_c26 cm
336 _2rdacontent
_atext
337 _2rdamedia
_aunmediated
338 _2rdacarrier
_avolume
490 1 _aMelindungi keaslian alam sekitar
500 _aMengandungi latihan
650 1 0 _aFlowers. ; Environmental protection.
700 0 _aSiti Murni Abdullah,
_ecompile
830 0 _aMelindungi keaslian alam sekitar
942 _ddc
_cB
999 _c123307
_d123307